000 00282nas a2200121Ia 4500
008 150201s2010 xx 000 0 und d
245 _aIndian Journals of Radiology & Imaging
260 _c2010
310 _aQuaterly
500 _aNATIONAL
650 _aRadiology
942 _2ddc
_cLJ
999 _c6194
_d6194